1929 1517 1543 1811 1006 1830 1279 1406 1030 1601 1084 1525 1687 1412 1026 1310 1707 1413 1111 1614 1852 1036 1223 1962 1564 1772 1335 1564 1765 1943 1608 1746 1078 1565 1383 1308 1621 1365 1787 1098 1890 1999 1165 1245 1539 1721 1439 1462 1626 1708 1204 1243 1361 1670 1935 1497 1638 1048 1058 1734 1480 1745 1923 1436 1233 1558 1160 1264 1409 1668 1703 1168 1662 1144 1510 1318 1334 1909 1269 1805 1489 1941 1164 1170 1139 1919 1003 1181 1304 1385 1204 1804 1766 1795 1057 1539 1963 1195 1684 BCNSPRNW ULIB Ver.6.0+V

เปลี่ยนเป็นภาษาไทย

Change to English
 แสดงรายละเอียดบรรณานุกรม
  กลับหน้าหลัก

Brief Record : Get Marc (ISO 2709) : E-mail record : QR code < ปิดหน้าต่าง
LEADER : 00000nam 2200000uu 4500
001    13399115121
003     ULIB
008    120710s2552||||th 000 0 tha d
020    ^a9786115210084
090    ^aนว.^bม290ผ 2552
100 0  ^aมักเน
245 00 ^aแผนรัก..ลิขิตใจ/^cมักเน
250    ^aพิมพ์ครั้งที่ 1
260    ^aกรุงเทพฯ :^bมธุรดา,^c2552
300    ^a346 หน้า
945    ^p0^l0^i15769
995    ^aกัณชพร
999    ^aใช้งานได้ทุกระบบ
รายการนี้ยังไม่มีแท็ก
คุณยังไม่ได้ล็อกอิน คุณสามารถมีกิจกรรมร่วมกับเว็บไซต์ได้ แต่ต้องล็อกอินก่อน ::
  ล็อกอิน

รายการสื่อสารสนเทศ

ลำดับที่ ประเภท เลขเรียก/บาร์โค้ด สถานที่ สถานะ
1. นวนิยาย
นวนิยาย
นว. ม290ผ 2552  
  Barcode: 15769
ห้องสมุดวิทยาเขตสวรรค์ประชารักษ์
►นวนิยาย
บนชั้น
  ขอยืม

รายการใกล้เคียง
    ผู้แต่ง [มักเน]

BibComment


ยังไม่เคยถูกคอมเมนท์

คอมเมนท์ทรัพยากรรายการนี้
  คอมเมนท์: แผนรักลิขิตใจ มั..


 Copyright 2026. Bcnsprnw @Library